| 000 | 00425nam a22001457a 4500 | ||
|---|---|---|---|
| 003 | OSt | ||
| 005 | 20160727222345.0 | ||
| 008 | 160621b xxu||||| |||| 00| 0 eng d | ||
| 040 | _cTEST | ||
| 100 |
_9234 _aBolognese, D |
||
| 245 |
_aDrawing spaceships and other space craft _bDrawing spaceships and other space craft |
||
| 260 |
_aN.V _bA grover com. _c1982 |
||
| 300 | _aDrawing spaceships and other space craft | ||
| 942 |
_2ddc _cBK |
||
| 999 |
_c187 _d187 |
||